[Event "Ljubljana"]
[Site "Ljubljana"]
[Date "1997.??.??"]
[Round "2"]
[White "Atalik, Suat"]
[Black "Mencinger, Vojko"]
[Result "1-0"]
[WhiteElo "2555"]
[BlackElo "2395"]
[Annotator "Avrukh,B"]
[PlyCount "89"]
[EventDate "1997.05.20"]
[EventType "tourn"]
[EventRounds "11"]
[EventCountry "SLO"]
[EventCategory "9"]
[SourceTitle "CBM 058 Extra"]
[Source "ChessBase"]
[SourceDate "1997.07.29"]
[SourceVersion "1"]
[SourceVersionDate "1997.07.29"]
[SourceQuality "1"]

1. d4 Nf6 2. c4 e6 3. Nf3 Bb4+ 4. Nbd2 b6 5. a3 Bxd2+ 6. Qxd2 Bb7 7. e3 a5 8.
b3 O-O 9. Bb2 d6 10. Be2 Nbd7 11. O-O Ne4 (11... Qe7 12. Rad1 Rfd8 13. Qc2 Rac8
14. b4 axb4 15. axb4 c5 16. Qb3 d5 17. bxc5 dxc4 18. Qxc4 bxc5 19. Ba3 Bd5 20.
Qc1 {1/2-1/2 Yakovich,Y-Adams,M/Open Koge DEN 1997}) 12. Qc1 $5 $146 (12. Qc2
f5 13. Rad1 (13. Ne1 Qg5 14. Bc1 Qg6 15. f3 Ng5 16. Nd3 c5 17. Qc3 Nf7 18. Nf2
Rae8 19. Bb2 cxd4 20. exd4 e5 21. d5 Qf6 22. b4 $14 {Chevallier,D-Kosten,A/
FRA-chT 1993/0-1 (55)}) 13... Qe7 $142 (13... Ng5 $6 14. Nd2 f4 $6 (14... Nh3+
15. Kh1 Qh4 16. Bf3 Bxf3 17. Nxf3 Qh5 $5) 15. e4 Rf6 16. c5 $1 {[%csl Gb2,Gf6]}
Nf8 17. c6 (17. f3 $142 $16) 17... Ba6 18. Bxa6 Rxa6 19. e5 Rg6 20. f3 d5 21.
Qd3 Ra8 22. Kf2 $4 Nh3+ {0-1 Munhbayar,L-Enkhbat,T/MGL-ch Erdenet 1994}) (13...
Kh8 $6 14. d5 e5 15. Nd2 Nxd2 16. Rxd2 Qh4 17. f4 Rae8 18. Bd3 $1 exf4 19. exf4
Nc5 20. Bxf5 Nxb3 21. Rd3 Re1 (21... Rxf5 22. Rh3) 22. Rxb3 $18 {1-0 Browne,
W-Weinstein,N/New York 1984 (26)})) (12. Qd3 f5 13. Nd2 e5 14. f3 Nxd2 15. Qxd2
Qe7 16. Rac1 e4 17. d5 exf3 18. Rxf3 Ne5 $11 {1/2-1/2 Miles,A-Seirawan,Y/
USA-ch 1988 (29)}) 12... f5 13. Ne1 {And now white's idea becomes clear,after
13...Qg5 14 f3 the e3pawn is protected by queen.} Qh4 $6 (13... Qe7 $142 14. f3
Nef6 15. Nd3 e5 16. Nf2 {with complicated play.}) 14. f3 Ng5 15. Nd3 Rae8 {
[%cal Ge6e5]} 16. c5 (16. Qe1 Qh6) (16. b4 e5 17. d5 $5 $14) 16... Ba6 (16...
dxc5 $143 $2 17. dxc5 {[%csl Gb2]} Ba6 18. cxb6 cxb6 19. Qc7 Rf7 20. Qf4 $1 {
[%csl Gg5]} Qh5 21. h4 Ne4 22. g4 $1 Qxh4 23. fxe4 $18) 17. cxd6 cxd6 18. Qc7
Rd8 19. d5 $2 (19. Qxd6 $2 Bxd3 (19... Nc5 $143 20. Qf4 Qxf4 21. Nxf4 Bxe2 22.
Nxe2 Nxb3 $11) 20. Bxd3 Nc5 21. dxc5 Rxd6 22. cxd6 Nf7 $17) (19. Rac1 $1 Qh6 (
19... Nf7 20. Qa7 Bb5 21. a4 $1 $16) 20. Rf2 Nf7 21. Nf4 $16) 19... Qh6 $1 {
[%csl Ge3]} (19... e5 $2 20. Nxe5 $1 $18 (20. Qxd6 $16)) 20. Rf2 (20. dxe6 $2
Qxe6 {[%csl Ge3][%cal Gd8c8]}) 20... e5 (20... exd5 21. Qc6 $1 $16 (21. Rd1
Rfe8 (21... Bb5 22. Qb7 $1) 22. Nf4 Bxe2 23. Rxe2 Ne6 24. Nxe6 Qxe6 25. Qc6 $14
) (21. Nf4 Bxe2 22. Rxe2 Ne6 23. Nxe6 Qxe6 {[%cal Gf5f4]})) 21. Nxe5 Nxe5 22.
Bxa6 Nexf3+ $1 23. gxf3 Nh3+ 24. Kg2 Nxf2 {[%cal Gh6h3]} 25. h4 Ne4 (25... Ra8
26. Rg1 (26. Bc4 f4 27. e4 (27. Kxf2 Qxh4+ 28. Ke2 Qh2+ $19 {[%csl Gb2]}) 27...
Nxe4 28. fxe4 f3+ 29. Kh3 (29. Kf1 Qg6 $19) 29... g5 $1 30. Qg7+ Qxg7 31. Bxg7
Kxg7 $19) (26. Qb7 Rxa6 (26... Qg6+ 27. Kxf2 f4) 27. Qxa6 Qxe3 28. Qb7 Rf7 29.
Qc8+ Rf8 30. Qc7 $11) 26... Ng4 $1) (25... f4 26. exf4) 26. fxe4 fxe4 27. Rg1
Rde8 $2 (27... Rf2+ 28. Kxf2 (28. Kh3 $2 Rf3+ 29. Rg3 Rdf8 $19) 28... Qxh4+ 29.
Ke2 (29. Kg2 Qg4+ 30. Kh2 Qh4+ $11) 29... Qh2+ 30. Kd1 Qxg1+ 31. Kd2 Rf8 32.
Be2 $18) (27... Ra8 $1 28. Rf1 (28. Bb7 Rf7) (28. Bxg7 Qxh4 $1 (28... Qxg7+ 29.
Kh1 Qxg1+ 30. Kxg1 Rxa6 31. Qxd6 {[%csl Ge4]} Ra7 32. Qe6+ Kh8 33. Qxe4 Rg7+
34. Kh2 $18) 29. Bxf8 Rxf8 30. Rf1 $11 (30. Qc2 Rf6 31. Qc8+ Kg7 $19 {[%cal
Gg7h6]})) 28... Qg6+ (28... Rf3 29. Rxf3 exf3+ 30. Kxf3 Rf8+ 31. Ke2 Qh5+ 32.
Kd2 Rf2+ 33. Kc1 $18) 29. Kh2 Qg4 30. Qe7 Rac8 $1 31. Bxc8 Qe2+ 32. Kg3 Qxe3+
33. Kg2 Qe2+ 34. Kg3 $11) 28. Qd7 (28. Bxg7 $2 Qxh4 (28... Qxg7+ 29. Kh1 $18)
29. Bxf8 Rxf8 30. Rf1 $8 Qg5+ $11) 28... g6 (28... Ra8 {already not enough.}
29. Rf1 Qg6+ (29... Rxa6 $140 30. Rxf8+ Kxf8 31. Qc8+ $18) 30. Kh2 Qh6 31. Qg4
$18) 29. Rf1 $1 $18 Rxf1 30. Qxe8+ Rf8 31. Qxe4 Qh5 32. Qe6+ Rf7 33. Bf6 Qd1
34. Bf1 (34. Bb5 $2 {[%cal Gb5e8]} Qd2+ 35. Kf3 Qd1+ 36. Kf4 Qh1) 34... Qxb3
35. Qxd6 $4 $138 (35. Kg3 $1 {[%cal Ge6e8,Rf1h3,Rh3e6]} Qd1 36. Bh3 Qg1+ 37.
Kf3 Qh1+ (37... Qd1+ 38. Kf4) 38. Ke2 Qh2+ 39. Kd3 $18) 35... Qxe3 $2 (35...
Qc2+ $1 36. Kg3 (36. Kg1 Qf5 37. e4 Rxf6 $1 $19) 36... Qf5 37. Qd8+ Rf8 38. Bh3
Qxf6 39. Qxf6 Rxf6 40. e4 b5 41. e5 Rb6 $19) 36. Qd8+ Rf8 37. Qe7 Qd2+ 38. Kg3
Rf7 (38... Rxf6 39. Qxf6 Qxd5 40. Qxb6 Qe5+ 41. Kg2 Qe4+ 42. Kg1 Qxh4 43. Qxa5
$18) 39. Qe8+ Rf8 40. Qe6+ Rf7 41. d6 Qc1 42. Qe8+ Rf8 43. d7 Qxa3+ (43... Qc7+
44. Kh3 $18) 44. Kg2 Qa2+ 45. Kg1 1-0

[Event "Ljubljana"]
[Site "Ljubljana"]
[Date "1997.??.??"]
[Round "4"]
[White "Atalik, Suat"]
[Black "Farago, Ivan"]
[Result "1-0"]
[WhiteElo "2555"]
[BlackElo "2470"]
[Annotator "Avrukh,B"]
[PlyCount "127"]
[EventDate "1997.05.20"]
[EventType "tourn"]
[EventRounds "11"]
[EventCountry "SLO"]
[EventCategory "9"]
[SourceTitle "CBM 058 Extra"]
[Source "ChessBase"]
[SourceDate "1997.07.29"]
[SourceVersion "1"]
[SourceVersionDate "1997.07.29"]
[SourceQuality "1"]

1. d4 Nf6 2. c4 e6 3. Nf3 b6 4. Nc3 Bb7 5. e3 d5 6. cxd5 exd5 7. Bb5+ c6 8. Bd3
Be7 9. O-O O-O 10. b3 c5 (10... Nbd7 11. Bb2 Bd6 (11... Re8 $5) 12. Rc1 (12.
Nh4 Re8 13. Nf5 Bf8 14. Rc1 $14 Ne4 15. Bxe4 dxe4 16. Qg4 (16. d5 cxd5 17. Nxd5
Bxd5 18. Qxd5 Nc5 $10) 16... g6 17. Nxe4 Rxe4 (17... h5 18. Nh6+ $1 Bxh6 (18...
Kg7 19. Qf4 Rxe4 20. d5+ $1 $18) 19. Qxd7 $1 $16) 18. Qxe4 gxf5 19. Qxf5 Bg7
20. e4 Nf8 21. e5 (21. Rc3 $1 c5 22. Rg3 cxd4 23. Rd1 Ne6 24. Qg4 $36 {Najdorf}
) 21... Qd5 22. f4 c5 $1 $15 {0-1 Petrosian,T-Taimanov,M/Zuerich ct 1953 (40)})
(12. Qc2 Rc8 13. Qe2 (13. Ne2 Re8 14. Ng3 c5 15. dxc5 bxc5 16. Bf5 Rc7 17. Rad1
Bf8 $11 {0-1 Vyzmanavin,A-Karpov,A/Tilburg 1993 (41)}) 13... Qe7 14. Ba6 Bxa6
15. Qxa6 Rc7 16. Qe2 Re8 17. Rac1 Ne4 {1/2-1/2 Langeweg,K-Sosonko,G/Amsterdam
OHRA 1984}) 12... Re8 13. Ne2 Qe7 14. Ng3 g6 15. Qe2 Ba3 $1 16. Rfe1 Qd6 17.
Qc2 Bxb2 18. Qxb2 c5 19. Red1 Rac8 20. Ne2 a6 21. Rc2 cxd4 22. Nexd4 $14 {
Gelfand,B-Karpov,A/Sanghi Nagar FIDE sf1 1995/CBM 45/[Gelfand]/0-1 (80)}) (
10... Na6 $6 11. Bb2 c5 12. Rc1 Nc7 13. dxc5 bxc5 14. Na4 Ne4 (14... Ne6 15.
Bxf6 $1 $16) 15. Bxe4 (15. Ne5 $1) 15... dxe4 16. Ne5 Bd5 17. Qh5 $2 (17. Nxc5
$18) 17... f6 18. Nc4 Na6 19. Rfd1 Nb4 20. Nc3 g6 21. Qe2 Nd3 $13 {1/2-1/2
Langeweg,K-Schneider,A/EU-chT Plovdiv 1983 (41)}) 11. Bb2 Nbd7 12. Rc1 Re8 (
12... Bd6 13. Ne2 (13. Qe2 $142) 13... Re8 14. Ng3 a6 15. Nf5 Bf8 16. Qe2 Ne4
17. Rfd1 g6 18. Ng3 Nxg3 19. hxg3 Bg7 20. Rc2 Qe7 $11 {1/2-1/2 Lukacs,
P-Lengyel,L/Budapest FS08 GM 1995/EXT 95 (22)}) (12... a6 13. Bf5 $1 Re8 14.
dxc5 Nxc5 (14... bxc5 $6 15. Na4 $16) 15. Qe2 b5 (15... Bd6 $14) 16. Rfd1 $16 {
Halifman-Gavrikov Deutchland 1995\96}) 13. Re1 (13. Qe2 $142 {[%cal Gf1d1,
Gd3a6]}) 13... Bf8 14. Bf5 {Nowadays this move becomes typical in this
variation.} Ne4 15. dxc5 (15. Nxe4 dxe4 16. Nd2 Nf6 17. Nc4 Qd5 18. Bh3 Rad8
$11) 15... Nxc3 16. Bxc3 bxc5 {[%csl Rc5,Rd5]} 17. Qd3 (17. a3 {[%csl Gd4]
[%cal Gb3b4]} Nf6 (17... a5 18. Qd3 h6 19. Qb5 Bc8 $8 20. Red1 (20. Bh3 Rb8) (
20. Qc6 Nb6) 20... Ne5 $1 21. Nxe5 Bxf5 $11) 18. b4 c4 $13 {[%cal Ga7a5]})
17... h6 (17... g6 {[%csl Rf6,Rg7,Rh8]} 18. Bxd7 Qxd7 19. Bb2 $16 {[%cal Gd3c3]
} (19. b4 $143 cxb4 20. Bb2 Re4 $1 21. Nd2 Re6 22. Qd4 f6 $15)) 18. Bh7+ $5 Kh8
19. Qb5 Rb8 (19... Nb6 $2 20. Bb1 $16 {[%cal Gb5d3]}) 20. Bf5 $6 (20. Bb1 $142
$1 {[%cal Gb5d3]} Bd6 (20... d4 21. exd4 Bxf3 22. Qd3 $16) (20... Qe7 21. Red1
$1) 21. Qd3 Nf8 22. Qf5 (22. Red1 Qd7) 22... Qe7 23. Red1 $14) 20... Nf6 (20...
Nb6 $5) 21. Be5 a6 22. Qa4 Ra8 (22... Bd6 23. Qf4 $1 (23. Bxd6 Qxd6 24. Qa5 Bc8
25. Bd3 (25. Bb1 Rb5) 25... Nd7 26. Red1 $14) 23... Bxe5 24. Nxe5 Qe7 25. Nd3
$16) 23. Qf4 Qb6 (23... Qe7 24. b4 c4 25. Bc2 {[%cal Gc2a4,Gf3d4]} Qe6 26. Ba4
$16) 24. Bc7 Qa7 25. b4 c4 (25... cxb4 $2 26. Ba5 $1 $16 {[%csl Gd4][%cal
Gc1c7]}) 26. a3 Kg8 $1 {[%csl Gf7]} (26... Bc8 27. Bc2 $1 $16 Nh5 $2 28. Qxf7
$18) 27. Nd4 (27. Red1 $142 Bc6 $1 (27... Bc8 28. Be5 $16 {[%csl Gd5]}) 28. Be5
Qe7 29. Bb2 (29. Bc2 a5 30. Nd4 Bd7 31. Bxf6 Qxf6 32. Qxf6 gxf6 $11) 29... a5
30. bxa5 Rxa5 (30... Reb8 31. Be5 Re8 32. Bc3 $16) 31. Bc2 $14) 27... Bc8 28.
Nc6 (28. Red1 $2 Bxf5 (28... Nh5 29. Qg4) 29. Nxf5 Re4 $1) 28... Qb7 29. Na5
Qa7 30. Nc6 Qb7 31. Na5 Qa7 32. Bxc8 (32. Nc6 $11) 32... Raxc8 33. Be5 Ne4 34.
Red1 Qa8 (34... Red8 35. Nxc4 $140 Nxf2 $1 36. Kxf2 dxc4 37. Rxd8 Rxd8 38. Rxc4
Rd2+ 39. Ke1 Rd3 40. Rc3 Qd7 $44 {[%csl Ge1]}) 35. h4 {[%cal Gf2f3]} (35. f3
$142 Ng5 36. h4 (36. Qd4 Rcd8 $11) 36... Ne6 37. Qg3 (37. Qg4 Nc5 $1) 37... Qa7
38. Rc3 $11) 35... Re6 36. f3 Rce8 37. fxe4 (37. Bd4 Bd6 38. Qg4 Rg6 39. Qh3
Ng3 $15) 37... Rxe5 38. exd5 (38. Rf1 Rxe4 (38... f6 39. exd5 Re4 40. Qf5 R8e5
41. Qg6 Qxd5 42. Rxf6 $1 Rxe3 $13) 39. Qxf7+ Kh8 40. Rcd1 Rxe3 41. Rxd5 c3 $17)
38... Rxd5 39. Nxc4 Re4 40. Qc7 $2 $138 (40. Qf3 $8 Rxd1+ 41. Rxd1 Qe8 42. Rd4
(42. Rc1 Qe6) (42. Nd6 Bxd6 43. Rxd6 Rxe3 $17 {[%csl Rg1]}) 42... Rxd4 43. exd4
Qe1+ 44. Qf1 Qc3 (44... Qxh4 45. Qf2 $11) 45. Kh2 Qxd4 46. g3 $11) 40... Rg4
41. Rxd5 (41. Rf1 $2 Rxg2+ $19) 41... Qxd5 42. g3 Qf3 43. Kh2 Qf2+ (43... Be7
$1 {[%cal Ge7h4]} 44. Rf1 Qe2+ (44... Qxf1 $2 45. Qc8+ Kh7 46. Qxg4 Qf2+ $11)
45. Kg1 (45. Kh3 Qxf1+ 46. Kxg4 h5+ 47. Kxh5 Qf5#) 45... Qxc4 46. Qxe7 Rxg3+
47. Kh2 Rg4 {and black wins easily.}) (43... g5 $143 44. Rc2 $1 (44. h5 $2 Qf2+
45. Kh3 Re4 $19 {[%cal Gg5g4]}) 44... gxh4 45. Rg2 Kh7 46. Ne5 hxg3+ 47. Kh3
Rh4+ 48. Kxh4 Qxg2 49. Qxf7+ $11) 44. Kh3 Qf3 $4 (44... h5 $17) (44... Qf5 $2
45. Kg2 $44) (44... g5 45. Nb6 (45. Kxg4 Qe2+ 46. Kf5 Qf3+ $19) 45... Qf5 $1
46. Kh2 gxh4 47. Rg1 Qh5 $19) 45. Nd2 Qe2 (45... Qf5 46. Qc8) 46. Rf1 f6 47.
Qd7 $1 Rg6 48. Qf5 Rxg3+ 49. Kxg3 Qxd2 50. Qe6+ Kh7 51. Qe4+ Kg8 52. Qd4 Bd6+ (
52... Qa2 53. Qd3 $18) 53. Kf3 Qh2 54. Qc4+ Kh7 55. Qe4+ Kh8 56. Rc1 $18 Bc7
57. Qe6 $1 Qg3+ 58. Ke2 Qg2+ 59. Kd3 Qg6+ 60. Qe4 f5 61. Qc6 Bd6 62. h5 Qf6 63.
Qc8+ Bf8 64. Rc6 1-0

[Event "Sigeman & Co 05th"]
[Site "Malmo"]
[Date "1997.06.11"]
[Round "2"]
[White "Hellsten, Johan"]
[Black "Rozentalis, Eduardas"]
[Result "1/2-1/2"]
[WhiteElo "2485"]
[BlackElo "2650"]
[Annotator "Avrukh,B"]
[PlyCount "46"]
[EventDate "1997.06.10"]
[EventType "tourn"]
[EventRounds "9"]
[EventCountry "SWE"]
[EventCategory "13"]
[SourceTitle "CBM 060"]
[Source "ChessBase"]
[SourceDate "1997.09.29"]
[SourceVersion "1"]
[SourceVersionDate "1997.09.29"]
[SourceQuality "1"]

1. d4 Nf6 2. c4 e6 3. Nf3 Bb4+ 4. Nbd2 b6 5. e3 Bb7 6. Bd3 O-O 7. O-O c5 8. a3
Bxd2 9. Bxd2 d6 10. b4 Nbd7 11. Bc3 Qc7 12. Nd2 $146 (12. Bb2 Rfe8 13. Be2 e5
14. Rc1 cxd4 15. exd4 Nh5 16. c5 bxc5 17. bxc5 dxc5 18. dxc5 Nf4 19. Bc4 Qc6
20. Qb3 Re6 (20... Re7 $142) 21. Bxe6 $16 {1-0 Dreev,A-Epishin,V/Tilburg 1994 
(32)}) (12. Rc1 Rfe8 13. Nd2 e5 14. bxc5 exd4 15. exd4 dxc5 16. d5 b5 {and
black O.K. 1/2-1/2 Tibensky,R-Stocek,J/Lazne Bohdanec 1997 (25)}) 12... cxd4
13. Bxd4 (13. exd4 d5 (13... b5 14. c5 Nd5 15. Qc2 {with advantage to White.})
(13... Nd5 14. cxd5 Qxc3 15. Nc4 $1 {[%csl Gc3][%cal Ga1c1]} e5 $8 16. dxe5 (
16. Nxd6 Bxd5 17. Re1 $1 exd4 (17... Qxd4 18. Nf5 $18) 18. Nb5 (18. Bxh7+ Kxh7
19. Qh5+ Kg8 20. Qxd5 Nf6) 18... Qb3 (18... Qc8 19. Bxh7+ Kxh7 20. Qh5+ Kg8 21.
Qxd5 $18) 19. Bc2 Qc4 20. Nxd4 Nf6 $11) 16... dxe5 (16... Nxe5 17. Nxd6 (17.
Bxh7+ $2 Kxh7 18. Rc1 Qd3 19. Qh5+ Kg8 20. Nxd6 Ng6 $1 {[%cal Gg6f4,Gf4e2]})
17... Nxd3 18. Nxb7 {[%csl Rc3,Rd3][%cal Gd1f3]} Nf4 19. g3 Nh3+ 20. Kg2 $16)
17. Nd6 Bxd5 18. Bxh7+ Kxh7 19. Qxd5 Nf6 20. Qb7 $14) 14. c5 bxc5 15. dxc5 (15.
bxc5 Ne4 $1 (15... e5 $6 16. dxe5 (16. Re1) 16... Ne4 17. Bd4 Ndxc5 18. Rc1 $16
) 16. Qc2 Nxc3 17. Qxc3 e5 $11) 15... e5 $13) 13... Rfd8 {Black prepares the
advance of the d-pawn.} 14. Re1 $6 (14. Rc1 $142 Rac8 {with a complicated
position.} (14... a5 15. Qb3 $14) (14... Ne5 15. Be2 Ng6 $5)) 14... Ne5 15. Bf1
d5 16. cxd5 (16. Rc1 $6 dxc4 17. Bxc4 (17. Nxc4 $2 Nc6 $1 (17... Neg4 18. f4
Rac8 $15 {[%csl Ge4]}) 18. Ne5 Qxe5 19. Rxc6 Qb8 $19 {[%cal Ge6e5]}) 17... Neg4
18. Nf1 e5 19. Be2 $11) 16... Rxd5 (16... Neg4 {was an interesting try.} 17. f4
(17. Nf3 $2 e5 $1 18. Rc1 Qd6 19. Bb2 e4 $19) (17. g3 $2 e5 18. Bb2 Rxd5 (18...
Bxd5 19. h3 Nh6 20. Rc1 Qe7 21. Qc2 $16 {[%csl Gh6]}) 19. Bg2 Rd7 $17) 17...
Rxd5 18. Rc1 Qd8 19. Nf3 $13) 17. f3 Rad8 {[%cal Ge5c6,Rd5d1]} 18. Ra2 {
[%csl Rd2]} (18. Rc1 Qe7 19. Qc2 Nc6 20. Bxf6 Qxf6 21. Ne4 $11) 18... Ng6 {
[%cal Ge6e5]} (18... Nc6 $143 19. Bxf6 gxf6 20. Qc1) 19. Qc1 Qd6 (19... Qxc1 $6
20. Rxc1 e5 21. Bc3 $14) 20. Bxf6 $11 (20. Bc4 $2 Rg5 $1 $40 {[%cal Gg6h4]} (
20... Rh5 21. Nf1)) 20... gxf6 21. Ne4 Qe5 22. Rc2 R5d7 23. Ng3 Qd5 1/2-1/2

[Event "FIDE-Wch k.o."]
[Site "Groningen"]
[Date "1997.12.09"]
[Round "1.1"]
[White "Kurajica, Bojan"]
[Black "Granda Zuniga, Julio E"]
[Result "1-0"]
[WhiteElo "2545"]
[BlackElo "2625"]
[Annotator "Avrukh,B"]
[PlyCount "55"]
[EventDate "1997.12.09"]
[EventType "k.o."]
[EventRounds "7"]
[EventCountry "NED"]
[SourceTitle "CBM 063"]
[Source "ChessBase"]
[SourceDate "1998.03.26"]
[SourceVersion "1"]
[SourceVersionDate "1998.03.26"]
[SourceQuality "1"]

1. d4 {Ftacnik Tyomkin,D} Nf6 2. Nf3 e6 3. e3 b6 4. Bd3 Bb7 5. O-O d5 6. b3 Bd6
7. Bb2 O-O 8. c4 c5 (8... Nbd7 {-the most popular continuation}) (8... Nbd7 $5
{Ftacnik} 9. Nc3 a6) 9. cxd5 exd5 10. Nc3 Nbd7 (10... Nc6 {Sokolov,A} 11. Ne2
Re8 $6 (11... Qe7 $142) 12. Rc1 Ne4 13. Ng3 cxd4 {Portish-Sokolov,A, Linares
1989} (13... Nb4 14. Bb1 Ba6 15. Re1 Bxg3 16. hxg3 c4 17. bxc4 dxc4 (17... Bxc4
18. a3 Nc6 19. Bxe4 Rxe4 20. Nd2 $18 {Sokolov,A}) 18. Qa4 $18 {Sokolov,A}) 14.
Bb5 $5 Nc3 (14... dxe3 15. Bxc6 Nxg3 16. hxg3 e2 17. Qd4 $18) 15. Bxc3 dxc3 16.
Rxc3 Rc8 17. Nd4 $18) 11. Rc1 (11. Qe2 Qe7 12. Rfd1 Rad8 13. Rac1 Ne4 14. dxc5
Ndxc5 (14... Nxc3 $5 {[%cal Gb6c5]}) 15. Bb1 a6 16. Nd4 f5 17. g3 $14 {Dizdar,
G-Grosar,A/Solin 1994/1/2-1/2(39)}) 11... Qe7 $6 $146 (11... Re8 12. Bf5 Ne4
13. dxc5 Nxc3 $1 14. Rxc3 bxc5 15. Rc2 Nf6 16. Qd3 $2 g6 17. Bh3 d4 18. exd4 $2
Be4 19. Qd1 Bxc2 20. Qxc2 cxd4 $17 {Danner-Sokolov, Ostrava 1994}) 12. Nb5 (12.
Qe2 {Ftacnik} Rad8 13. Rfd1 (13. Ba6 Ba8 14. Nb5 Bb8 15. Ba3 Ne4 16. Rfd1 Qe6
17. Nd2 Nxd2 18. Rxd2 Rfe8 19. Nc3 Qh6 20. g3 cxd4 21. Rxd4 Be5 22. Rh4 Qe6 {
0-1 Mirkovic,S-Ostojic,N/Novi Sad 1992/ (58)}) 13... Ne4 14. Ba6 Ba8 15. Bb5 (
15. dxc5 Nxc3 16. Bxc3 bxc5 17. Ba1 Qe6 {1/2-1/2 Tibensky,R-Grosar,A/Erevan
olm 1996/}) 15... Ndf6 16. Ne5 Nxc3 17. Bxc3 Ne4 18. Bb2 f6 19. Nd3 Kh8 20. Nf4
Qf7 21. Qg4 {1-0 Petrosian,T-Polugaevsky,L/URS-ch37 plof-1pl 1969/ (41)}) (12.
Re1 {Ftacnik} Rad8 13. Ne2 Ne4 14. Bb1 Rfe8 15. Nf4 Nf8 16. Bd3 Ne6 17. Ne2
N6g5 18. Ng3 Nxf3+ 19. gxf3 Nf6 20. f4 g6 21. Bb5 Rf8 22. dxc5 bxc5 23. b4 {
1/2-1/2 Tibensky,R-Polak,T/Lazne Bohdanec 1997/ (39)}) (12. Ne2 {Ftacnik} Rfe8
13. Ng3 g6 14. Qe2 Rad8 15. Bb5 Ne4 16. Ne5 Bxe5 17. dxe5 Nxg3 18. hxg3 a6 19.
Bxd7 Qxd7 20. f4 d4 21. exd4 cxd4 22. Qd3 Qf5 {1/2-1/2 Gretarsson,H-Olafsson,H/
Reykjavik-A blind 1997 (45)}) 12... Bb8 13. Bf5 a6 (13... Rd8 $5 14. Qc2 a6 15.
Nc3 $14) 14. Nc3 Bd6 $2 {Ftacnik: Black is not careful enough, the text loses
a pawn without any compensation. Weakness of d5 and b6 has required very
careful manouvering.} (14... Rd8 $142) (14... Rd8 $5 {Ftacnik} 15. Bxd7 Nxd7
16. dxc5 Nxc5 $13) 15. Bxd7 $1 $16 {It's so amazing how Granda Zuniga played
the opening in this game!} Nxd7 (15... Qxd7 16. Na4 Qb5 17. dxc5 bxc5 18. Bxf6
gxf6 19. Nh4 $18 {[%cal Gd1g4,Gh4f5]}) 16. dxc5 bxc5 17. Nxd5 Qe6 18. Nf4 $1 (
18. Nc3 $6 Qh6 $132) 18... Bxf4 (18... Qh6 $142 19. Nh4 (19. Ng5 Bxg2 $1) 19...
Bxf4 20. exf4 Nf6 $16 (20... Qxh4 21. Qxd7 $18)) (18... Qe7 19. Nh5 $40) 19.
exf4 {[%csl Gb2,Rc5,Rd7]} Rad8 20. Ng5 Qc6 (20... Qf5 21. Qc2 Qxc2 22. Rxc2 h6
23. Nh3 $16) 21. Qg4 {Ftacnik: White not only defends his king but hopes to
generate attack himself.} Nf6 (21... f5 {Ftacnik} 22. Qg3 $18) 22. Bxf6 Qxf6
23. Rxc5 Rd4 24. h4 $6 (24. Rc7 $142 Rxf4 25. Nxh7 $1 Qe5 26. Qg3 $1 Qxc7 $140
27. Nf6+ {[%csl Rc7]}) (24. g3 $5 $18) 24... h6 (24... Qxf4 {Ftacnik} 25. Qxf4
Rxf4 26. Rc7 Ba8 27. g3 $16) (24... Rxf4 {Ftacnik} 25. Qd7 Ba8 26. Rc8 Rxh4 27.
Qe8 Qd6 28. Qxf7+ $18) 25. Nh3 Rd2 26. f5 {[%cal Gh3f4,Gf4h5]} Rd4 (26... Rxa2
{Ftacnik} 27. Nf4 Rd2 28. Nh5 Qd4 29. Rc4 $16) 27. Qg3 $6 (27. Nf4 Qd6 28. Rc4
$18) 27... Rxh4 28. Rfc1 $16 {It looks like black lost on time in this
position. Anyway this game, like many others in this event, wasn't on the
level of a World-ch.} 1-0